Pays ayant participer à la seconde guerre mondiale. - Statistiques

Statistiques générales
  • Ce quiz a été pris 58 fois
  • Le résultat moyen est 39 sur 66
Statistiques - réponses
Réponse % Correct
Allemagne
98%
France
98%
Chine
94%
Etats-Unis
94%
Japon
94%
Canada
92%
Royaume-Uni
91%
Urss
91%
Italie
89%
Australie
87%
Pays Bas
85%
Belgique
83%
Mexique
83%
Pologne
81%
Inde
79%
Bresil
77%
Norvege
77%
Argentine
75%
Grece
75%
Finlande
74%
Hongrie
74%
Roumanie
74%
Yougoslavie
74%
Danemark
72%
Nouvelle Zelande
72%
Bulgarie
70%
Colombie
70%
Chili
64%
Afrique du Sud
62%
Egypte
60%
Perou
60%
Iran
58%
Luxembourg
58%
Tchecoslovaquie
58%
Bolivie
57%
Irak
57%
Uruguay
57%
Cuba
55%
Paraguay
55%
Costa Rica
49%
Panama
49%
Syrie
49%
Islande
47%
Liban
47%
Venezuela
47%
Honduras
45%
Guatemala
43%
Ethiopie
42%
Nicaragua
42%
Albanie
40%
Salvador
38%
Arabie Saoudite
36%
Malte
36%
Thailande
36%
Haiti
34%
Monaco
34%
Philippines
34%
Croatie
32%
Mongolie
30%
Yemen
28%
Saint Marin
26%
Slovaquie
26%
République Dominicaine
25%
Nepal
15%
Zimbabwe
11%
Liberia
9%
Aucun quiz correspondant
Distribution des résultats
% des personnes avec chaque résultat
Percentile par nombre de réponses
Votre historique - résultats
Vous n’avez pas pris ce quiz